00537 2200217 4500001002100000005001500021035002000036007000300056008004100059020002200100082001000122084001600132100002600148245004500174250001000219260004000229300001600269650000900285856000900294990001600303INLIS00000000000800420260105094845 a0010-0126000001ta260105 0 ind  a978-623-02-4758-3 a613.2 a613.2 TUT g0 aTuti Meihartati, ,Dkk1 aGizi Reproduksi /cTuti Meihartati, ,Dkk acet.1 aYogyakarta :bCV. BUDI UTAMA,c2022 a258 ;c23cm 4aGizi aGIZI a00000013546